The mixed economic progress of immigrants /

Sparad:
Bibliografiska uppgifter
Huvudupphovsman: Schoeni, Robert F.
Övriga upphovsmän: McCarthy, Kevin F. Vernez, Georges
Materialtyp: Text
Publicerad: California: Center for Research on Immigration Plicy. RAND
Taggar: Lägg till en tagg
Inga taggar, Lägg till första taggen!

MARC

LEADER 00000 a a2200000 04500
001 39208
003
040
020 |a 0-8330-2390-X  
090 |a 1001 S364m  
100 |a Schoeni, Robert F.  
245 |a The mixed economic progress of immigrants /  |c Robert F. Schoeni 
260 |a California:   |b Center for Research on Immigration Plicy. RAND  
300 |a 121 p.  
700 |a McCarthy, Kevin F.   |a Vernez, Georges  
999 |c 12318  |d 12318